|
|
|
|
| LEADER |
00000cam a2200000 i 4500 |
| 001 |
1/19925 |
| 008 |
120528s1954####gr | ||| |||| ||gre|| |
| 035 |
|
|
|l 10112606
|
| 040 |
|
|
|a GR-MY-UA
|b gre
|e aacr
|
| 041 |
0 |
|
|a gre
|
| 082 |
0 |
|
|a 152.322
|2 (22)
|
| 100 |
1 |
|
|a Εξαρχόπουλος, Νικόλαος Ι.,
|d 1874-1960.
|
| 245 |
1 |
2 |
|a Η νευροπάθεια κατά την παιδικήν ηλικίαν
|h [ανάτυπο] /
|c Νικόλαος Ι. Εξαρχόπουλος.
|
| 260 |
|
|
|a Αθήνα :
|b [χ.ό.],
|c 1954.
|
| 300 |
|
|
|a 18 σ. ;
|c 24 εκ.
|
| 500 |
|
|
|a Ανάτυπον εκ του ΣΤ' τόμου των "Δημοσιευμάτων" του Πειραματικού Σχολείου του Πανεπιστημίου Αθηνών.
|
| 650 |
0 |
0 |
|a Child psychology.
|
| 650 |
0 |
0 |
|a Neuropsychology.
|
| 650 |
0 |
0 |
|a Neuroses in children.
|
| 852 |
|
|
|a INST
|b RHODES
|c AKA
|e 20120528
|h 152.322 ΕΞΑ
|p 005400034403
|q 005400034403
|t BK
|y 0
|
| 901 |
|
|
|a BIBL4-2012-2
|
| 909 |
|
|
|a Ρ
|b 171039
|
| 922 |
|
|
|a 4ΕΛΗ
|
| 970 |
|
|
|z 2012-05-28
|